| 000 | 01124cam a2200217 4500 | ||
|---|---|---|---|
| 001 | WB3820-14 | ||
| 008 | 020528n2002 000 0 eng u | ||
| 035 | _a(Sirsi) u118180 | ||
| 245 | _aNW homes targets cut | ||
| 260 | _c2002 | ||
| 490 |
_aRICS Residential Faculty News _v24 May 2002 (1) |
||
| 520 | _aHouse building targets for the North West have been cut by government in a bid to prop up demand for failing property markets in the region. The annual regional provision for new homes has been cut by 15% from 15 045 to 12 970 contained in changes to draft regional planning guidance for the NW. The consultation deadline is 16 August 2002. http://www.rics.org/ricscms/bin/show?class=News&template=/includes/shownews.html&id=2644(Draft Regional Planning Guidance for the North West) http://www.rics.org/ricscms/bin/show?class=News&template=/includes/shownews.html&id=2644(DTLR News Release) | ||
| 590 | _aWB | ||
| 650 | _aDRAFT REGIONAL PLANNING GUIDANCE | ||
| 650 | _aRPG13 | ||
| 650 | _aNORTHWEST ENGLAND | ||
| 650 | _aHOUSE BUILDING | ||
| 650 | _aTARGETS | ||
| 690 | _aHOUSING-DEVELOPMENT | ||
| 942 | _n0 | ||
| 999 |
_c70374 _d70374 |
||